000
00323pab a2200145 454500
008
180718b2005 xxu||||| |||| 00| 0 eng d
100
_a
Mishra, Girish
245
_a
Whither globalisation?
260
_c
2005
300
_a
p.3-5.
362
_a
17 Sep
650
_a
Globalization
773
_a
Mainstream
909
_a
66907
999
_c
66907
_d
66907